Les méthodes juridiques (Record no. 104036)

MARC details
000 -LEADER
campo de control de longitud fija 01399nam a2200289 i 4500
001 - NÚMERO DE CONTROL
campo de control 104036
003 - IDENTIFICADOR DE NÚMERO DE CONTROL
campo de control ES-MaACL
007 - CAMPO FIJO DE DESCRIPCIÓN FÍSICA--INFORMACIÓN GENERAL
campo de control de longitud fija t|
008 - DATOS DE LONGITUD FIJA--INFORMACIÓN GENERAL
campo de control de longitud fija 051122s1911 fr ||||1| fre d
245 04 - MENCIÓN DEL TÍTULO
Título Les méthodes juridiques
Resto del título : leçons faites au College livre des Sciences sociales en 1910.
260 ## - PUBLICACIÓN, DISTRIBUCIÓN, ETC.
Lugar de publicación, distribución, etc. Paris :
Nombre del editor, distribuidor, etc. V. Giard,
Fecha de publicación, distribución, etc. 1911.
300 ## - DESCRIPCIÓN FÍSICA
Extensión XXIV, 231 p. ;
Dimensiones 23 cm.
490 1# - MENCIÓN DE SERIE
Mención de serie Etudes économiques et sociales ;
Designación de volumen o secuencia XII
505 8# - NOTA DE CONTENIDO CON FORMATO
Nota de contenido con formato Contiene: Paul Deschanel.- Preface.-- R. Saleilles.- Introducion.-- F. Larnaude.- Le droit public.Sa conception.Sa méthode.- H. Barthelemy.- La méthode applicable á l'étude du droit administratif.-- H. Truchy.- Les méthodes en économie politiqué.-- A. Tissier.- La rôle social et economiqué des régles de la procedure civiles.- Pillet.- La méthode en droit international privé.-- F. Géng.- Les procedes d'elaboration du droit civil.-- E. Garçon.- de la méthode du droit criminal
700 1# - ENTRADA AGREGADA--NOMBRE PERSONAL
Nombre de persona Deschanel, Paul.
9 (RLIN) 43850
700 1# - ENTRADA AGREGADA--NOMBRE PERSONAL
Nombre de persona Saleilles, Raymond.
9 (RLIN) 101868
700 1# - ENTRADA AGREGADA--NOMBRE PERSONAL
Nombre de persona Larnaude, Ferdinand.
9 (RLIN) 70274
700 1# - ENTRADA AGREGADA--NOMBRE PERSONAL
Nombre de persona Barthelemy, H.
9 (RLIN) 26118
700 1# - ENTRADA AGREGADA--NOMBRE PERSONAL
Nombre de persona Truchy, H.
9 (RLIN) 111541
700 1# - ENTRADA AGREGADA--NOMBRE PERSONAL
Nombre de persona Tissier, Albert.
9 (RLIN) 110339
700 1# - ENTRADA AGREGADA--NOMBRE PERSONAL
Nombre de persona Pillet, Felix.
9 (RLIN) 92032
700 1# - ENTRADA AGREGADA--NOMBRE PERSONAL
Nombre de persona Géng, F.
9 (RLIN) 56312
700 1# - ENTRADA AGREGADA--NOMBRE PERSONAL
Nombre de persona Garçon, E.
9 (RLIN) 55478
830 0# - PUNTO DE ACCESO ADICIONAL DE SERIE-TÍTULO UNIFORME
Título uniforme Etudes économiques et sociales ;
Designación de volumen o secuencia XII
9 (RLIN) 184131
852 ## - LOCALIZACIÓN
Ubicación ES-MaACL
Número de control de estantería G-3049
Holdings
Estatus retirado Estado de pérdida Estado de daño No para préstamo Biblioteca de origen Biblioteca actual Ubicación en estantería Fecha de adquisición Fuente de adquisición Total de préstamos Signatura topográfica completa Código de barras Visto por última vez Precio de reemplazo Tipo de ítem Koha
        Biblioteca del Ateneo de Madrid Biblioteca del Ateneo de Madrid Depósito 2 17/01/2008     G-3049 1108623 23/02/2023 23/02/2023 Libro impreso